Higher or Lower - Land Area - Statistics

General Stats
  • This quiz has been taken 690 times
  • The average score is 16 of 32
Answer Stats
Hint Extra Hint Answer % Correct
IRAN First Country: Algeria LOWER
72%
CHILE Previous Country: Chad LOWER
72%
CHAD Previous Country: Sudan LOWER
69%
SUDAN Previous Country: Iran HIGHER
65%
TURKEY Previous Country: Ukraine HIGHER
59%
FRANCE Previous Country: Turkey LOWER
58%
ECUADOR Previous Country: Norway LOWER
57%
IRAQ Previous Country: Japan HIGHER
56%
ALGERIA Previous Country: Denmark INCLUDING GREENLAND HIGHER
56%
NORWAY Previous Country: Oman HIGHER
55%
GEORGIA Previous Country: Portugal LOWER
54%
PHILIPPINES Previous Country: Malaysia HIGHER
53%
GREECE Previous Country: North Korea HIGHER
51%
MALAYSIA Previous Country: Iraq LOWER
51%
DENMARK (Excluding Greenland) Previous Country: Georgia LOWER
51%
PORTUGAL Previous Country: Czech Republic HIGHER
50%
BANGLADESH Previous Country: United Kingdom LOWER
50%
UNITED KINGDOM Previous Country: Ghana HIGHER
49%
CZECH REPUBLIC Previous Country: Greece LOWER
49%
BOTSWANA Previous Country: France HIGHER
48%
MOROCCO Previous Country: South Sudan LOWER
48%
ZIMBABWE Previous Country: Morocco LOWER
48%
OMAN Previous Country: Italy HIGHER
47%
JAPAN Previous Country: Zimbabwe LOWER
44%
ITALY Previous Country: Paraguay LOWER
44%
NORTH KOREA Previous Country: Suriname LOWER
44%
PARAGUAY Previous Country: Philippines HIGHER
43%
UKRAINE Previous Country: Chile LOWER
43%
SOUTH SUDAN Previous Country: Botswana HIGHER
42%
GHANA Previous Country: Romania HIGHER
42%
SURINAME Previous Country: Bangladesh HIGHER
33%
ROMANIA Previous Country: Ecuador LOWER
31%
No matching quizzes found
Score Distribution
Percent of People with Each Score
Percentile by Number Answered
Your Score History
You have not taken this quiz